Statistics for Shavian Geography Puzzle Challenge

Click here to take the quiz!

General Stats

  • This quiz has been taken 25 times
    (19 since last reset)
  • The average score is 10 of 16

Answer Stats

Shavian SpellingCountry/Place% Correct
๐‘œ๐‘ฒ๐‘ช๐‘ฏ๐‘ฉ or ๐‘œ๐‘ฒ๐‘จ๐‘ฏ๐‘ฉGuyana
93%
๐‘•๐‘ฌ๐‘” ๐‘จ๐‘“๐‘ฎ๐‘ฆ๐‘’๐‘ฉSouth Africa
93%
๐‘•๐‘ฌ๐‘” ๐‘’๐‘ผ๐‘พSouth Korea
93%
๐‘š๐‘ฎ๐‘ฉ๐‘Ÿ๐‘ฆ๐‘คBrazil
87%
๐‘ค๐‘ฉ๐‘•๐‘ต๐‘‘๐‘ตLesotho
80%
๐‘•๐‘จ๐‘ฏ ๐‘ฅ๐‘ผ๐‘ฐ๐‘ฏ๐‘ดSan Marino
80%
๐‘•๐‘ฌ๐‘” ๐‘•๐‘ต๐‘›๐‘จ๐‘ฏSouth Sudan
80%
๐‘•๐‘ป๐‘ฆ๐‘ฏ๐‘ช๐‘ฅ or ๐‘•๐‘ป๐‘ฆ๐‘ฏ๐‘จ๐‘ฅSuriname
80%
๐‘๐‘จ๐‘‘๐‘ฆ๐‘’๐‘ฉ๐‘ฏ ๐‘•๐‘ฆ๐‘‘๐‘ฆVatican City
80%
๐‘ค๐‘ฌ๐‘•Laos
60%
๐‘—๐‘จ๐‘›Chad
53%
๐‘จ๐‘‘๐‘ค๐‘ฉ๐‘•
๐‘ฅ๐‘ฌ๐‘ฏ๐‘‘๐‘ฉ๐‘ฏ๐‘Ÿ
Atlas
Mountains
33%
๐‘—๐‘ฆ๐‘ฅ๐‘š๐‘ผ๐‘ช๐‘Ÿ๐‘ดChimborazo
33%
๐‘•๐‘ฌ๐‘”
๐‘—๐‘ฒ๐‘ฏ๐‘ฉ ๐‘•๐‘ฐ
South
China Sea
33%
๐‘”๐‘ง๐‘•๐‘ฉ๐‘ค๐‘ช๐‘ฏ๐‘ฆ๐‘’๐‘ฆThessaloniki
33%
๐‘๐‘ฆ๐‘’๐‘‘๐‘น๐‘พ
๐‘“๐‘ช๐‘ค๐‘Ÿ
Victoria
Falls
33%

Score Distribution

Percentile by Number Answered

Percent of People with Each Score

Your Score History

You have not taken this quiz since the last reset